[Event "AUTO-INT-620"]
[Site "http://www.queenalice.com/game.php?id=273530"]
[Date "2007.9.18"]
[Round "1"]
[White "Santista37"]
[Black "Pinone"]
[Result "0-1"]
[WhiteElo "1720"]
[BlackElo "2019"]

1. d4 d5 2. Nc3 Nf6 3. Bf4 Bf5 4. e3 e6 5. a3 Bd6 6. Bg5 c6 7. Bxf6 Qxf6 8. Bd3
Bxd3 9. Qxd3 e5 10. dxe5 Bxe5 11. Nge2 Nd7 12. O-O O-O 13. Rfd1 Rfe8 14. e4 Nc5
15. Qf3 Nxe4 16. Nxe4 Qxf3 17. gxf3 dxe4 18. fxe4 Bxb2 19. Ra2 Bf6 20. c4 Rxe4
21. Rc2 Rae8 22. Kf1 h6 23. Rdd2 g6 24. f3 Re3 25. a4 Rxf3+ 26. Kg2 Ra3 27. Ra2
Rxa2 28. Rxa2 Re5 29. Kf3 Rc5 30. Rc2 b5 31. Ke4 Rxc4+ 32. Rxc4 bxc4 33. Nd4 c3
34. Nc2 Kf8 35. Kd3 Ke7 36. Nb4 Kd6 37. Kc4 g5 38. Nc2 h5 39. h3 c5 40. a5 Bd4
41. Kb5 g4 0-1

[Event "AUTO-INT-620"]
[Site "http://www.queenalice.com/game.php?id=273541"]
[Date "2007.9.18"]
[Round "1"]
[White "Santista37"]
[Black "Guillaume"]
[Result "1-0"]
[WhiteElo "1729"]
[BlackElo "1440"]

1. d4 d5 2. Nc3 Nf6 3. Bf4 Nc6 4. Nb5 Rb8 5. Bxc7 Qd7 6. Bxb8 Nxb8 7. Nxa7 Nc6
8. Nxc6 Qxc6 9. e3 Bg4 10. Be2 Bxe2 11. Nxe2 Ng4 12. Nc3 Qf6 13. Qxg4 e6 14. Qf4
Qg6 15. Qb8+ Kd7 16. Qxb7+ Ke8 17. O-O-O Qxg2 18. Rdg1 Qxf2 19. Rf1 Qxe3+ 20.
Kb1 Qxd4 21. Rxf7 h6 22. Qd7# 1-0

[Event "AUTO-INT-620"]
[Site "http://www.queenalice.com/game.php?id=273542"]
[Date "2007.9.18"]
[Round "1"]
[White "Guillaume"]
[Black "Santista37"]
[Result "0-1"]
[WhiteElo "1504"]
[BlackElo "1757"]

1. e4 e5 2. Qf3 Nf6 3. Bc4 Bc5 4. d3 h6 5. g4 d6 6. h4 Bxg4 7. Qg3 g6 8. f3 Bh5
9. Nc3 Bxg1 10. Rxg1 Nbd7 11. Nd5 c6 12. Nxf6+ Qxf6 13. Rf1 a5 14. f4 Rf8 15.
fxe5 Qxe5 16. Qf2 f6 17. Bxh6 Qxb2 18. Kd2 Qb4+ 19. Kc1 Rh8 20. Bd2 Qc5 21. Be6
Qe5 22. Bxd7+ Kxd7 23. Qxf6 Rhf8 24. Qxe5 Rxf1+ 25. Kb2 dxe5 26. Rxf1 b6 27.
Rf7+ Ke8 28. Rh7 Ra6 29. Bg5 b5 30. Re7+ Kf8 31. Rxe5 Ra7 32. Re6 Rc7 33. e5 Kf7
34. Rf6+ Kg7 35. e6 c5 36. Rf7+ Rxf7 37. exf7 Kxf7 38. Kb3 a4+ 39. Kc3 Ke6 40.
d4 Kd5 41. dxc5 Kxc5 42. a3 Kd5 43. Kb4 Be2 44. c3 Bc4 45. Ka5 Ke4 46. Kb4 Kd3
47. Kc5 Kc2 48. Kd6 Kxc3 49. Ke5 Kb3 50. Kf6 Kxa3 51. Kxg6 b4 52. h5 b3 53. h6
b2 54. h7 Bd3+ 55. Kg7 Bxh7 56. Kxh7 b1=Q+ 57. Kh6 Qf5 58. Kh5 Kb3 59. Kh4 Kc4
60. Kh5 a3 61. Kh6 a2 62. Kh5 a1=Q 63. Kh6 Qh8# 0-1

[Event "AUTO-OPEN-803"]
[Site "http://www.queenalice.com/game.php?id=334039"]
[Date "2008.1.10"]
[Round "2"]
[White "gipmachado"]
[Black "Santista37"]
[Result "1-0"]
[WhiteElo "2343"]
[BlackElo "1765"]

1. e4 e5 2. Nf3 d6 3. d4 exd4 4. Nxd4 Bd7 5. Bb5 Bxb5 6. Nxb5 Qe7 7. O-O Nc6 8.
N1c3 O-O-O 9. Nd5 Qxe4 10. Re1 Qa4 11. Nbxc7 Nge7 12. b3 Qd4 13. Nxe7+ Kxc7 14.
Nd5+ Kd7 15. Qf3 Qxa1 16. Qf5# 1-0

[Event "AUTO-OPEN-803"]
[Site "http://www.queenalice.com/game.php?id=334040"]
[Date "2008.1.10"]
[Round "2"]
[White "Santista37"]
[Black "gipmachado"]
[Result "0-1"]
[WhiteElo "1763"]
[BlackElo "2347"]

1. d4 Nf6 2. Bf4 e6 3. a3 Be7 4. Nc3 d5 5. Nf3 O-O 6. e3 Nh5 7. Bg3 Nd7 8. Ne5
Nxg3 9. Nxd7 Nxh1 10. Nxf8 Bxf8 11. Bd3 Qh4 12. Qf3 e5 13. Qxd5 Qxf2+ 14. Kd1
Bg4+ 15. Be2 exd4 16. Qxd4 Bxe2+ 17. Nxe2 Qf1+ 18. Kd2 Qxa1 19. Nc1 c5 20. Qe4
Rd8+ 21. Nd3 Nf2 22. Ke2 Nxe4 0-1

[Event "AUTO-OPEN-803"]
[Site "http://www.queenalice.com/game.php?id=334045"]
[Date "2008.1.10"]
[Round "2"]
[White "Santista37"]
[Black "salso"]
[Result "0-1"]
[WhiteElo "1765"]
[BlackElo "2128"]

1. d4 d5 2. Nc3 Bf5 3. Bf4 c6 4. Bxb8 Rxb8 5. e3 e6 6. h4 h5 7. Bd3 Nf6 8. Bxf5
exf5 9. Qf3 g6 10. O-O-O Bb4 11. Nge2 Qe7 12. a3 Bxc3 13. Nxc3 Ne4 14. Nxe4 Qxe4
15. Qg3 O-O 16. Qf3 Qxf3 17. gxf3 Kg7 18. f4 Kf6 19. Rd3 Ke6 20. Rg1 Kd6 21. f3
Rfe8 22. Kd2 a5 23. a4 b5 24. axb5 cxb5 0-1

[Event "AUTO-OPEN-803"]
[Site "http://www.queenalice.com/game.php?id=334046"]
[Date "2008.1.10"]
[Round "2"]
[White "salso"]
[Black "Santista37"]
[Result "1-0"]
[WhiteElo "2106"]
[BlackElo "1791"]

1. d4 d5 2. c4 dxc4 3. Nf3 c6 4. a4 Bf5 5. Nc3 Qa5 6. Bd2 Qb6 7. e4 Bg4 8. Bxc4
e6 9. Qb3 Bxf3 10. Qxb6 axb6 11. gxf3 Bb4 12. Ke2 Bxc3 13. bxc3 Nd7 14. d5 exd5
15. exd5 Ne5 16. Bb3 Nf6 17. f4 1-0

[Event "AUTO-OPEN-805"]
[Site "http://www.queenalice.com/game.php?id=338757"]
[Date "2008.1.18"]
[Round "2"]
[White "trallala"]
[Black "Santista37"]
[Result "0-1"]
[WhiteElo "1717"]
[BlackElo "1776"]

1. e4 e5 2. d4 exd4 3. Qxd4 Nc6 4. Qa4 Qe7 5. Nc3 h6 6. Nd5 Qd8 7. Bf4 d6 8. Nf3
Be6 9. Nd4 Qd7 10. Bb5 a6 0-1

[Event "AUTO-OPEN-805"]
[Site "http://www.queenalice.com/game.php?id=338763"]
[Date "2008.1.18"]
[Round "2"]
[White "Santista37"]
[Black "Capivara"]
[Result "0-1"]
[WhiteElo "1796"]
[BlackElo "2125"]

1. d4 Nf6 2. Bf4 e6 3. a3 d5 4. Nc3 c5 5. Bxb8 Rxb8 6. dxc5 Bxc5 7. e3 O-O 8.
Nf3 a6 9. Na4 Bd6 10. Bd3 b5 11. Nc3 e5 12. Nxd5 Nxd5 13. Bxh7+ Kxh7 14. Qd3+ f5
15. O-O-O Bb7 16. e4 fxe4 17. Qxe4+ Kh8 18. Qh4+ Qxh4 19. Nxh4 Rf6 20. Rd3 Nf4
21. Rd2 Nxg2 22. Nxg2 Bxg2 23. Rg1 Bf3 24. Rd3 e4 25. Rc3 Bxh2 0-1

[Event "AUTO-OPEN-805"]
[Site "http://www.queenalice.com/game.php?id=338764"]
[Date "2008.1.18"]
[Round "2"]
[White "Capivara"]
[Black "Santista37"]
[Result "1-0"]
[WhiteElo "2133"]
[BlackElo "1793"]

1. d4 d5 2. c4 dxc4 3. Nc3 e6 4. e4 Nc6 5. Nf3 Nf6 6. Bg5 Be7 7. Bxc4 O-O 8. O-O
Qd7 9. Bb5 a6 10. Ne5 Qxd4 11. Nxc6 Qxd1 12. Nxe7+ Kh8 13. Rfxd1 axb5 14. Nxc8
Rfxc8 15. Bxf6 b4 16. Be5 bxc3 17. Bxc3 Rd8 18. a3 Kg8 19. f3 Kf8 20. Kf2 f6 21.
Ke2 e5 22. Rxd8+ Rxd8 23. Rd1 Rxd1 24. Kxd1 b5 25. Bb4+ Ke8 26. Kc2 g6 27. Kb3
Kd7 28. a4 bxa4+ 29. Kxa4 Ke6 30. Kb5 f5 31. Kc6 g5 32. Kxc7 h5 33. Bd2 g4 34.
b4 h4 35. exf5+ Kxf5 36. fxg4+ Kxg4 37. Be1 h3 38. gxh3+ Kxh3 39. Bg3 1-0

[Event "AUTO-OPEN-809"]
[Site "http://www.queenalice.com/game.php?id=339291"]
[Date "2008.1.19"]
[Round "2"]
[White "vindaloo"]
[Black "Santista37"]
[Result "1-0"]
[WhiteElo "1829"]
[BlackElo "1721"]

1. e4 e5 2. Nf3 d6 3. Bc4 Bg4 4. Nc3 Bxf3 5. Qxf3 Nf6 6. O-O Be7 7. Nd5 O-O 8.
b4 Nc6 9. Nxe7+ Qxe7 10. a3 a6 11. Re1 b5 12. Ba2 Qd7 13. c3 Rfb8 14. d3 Qg4 15.
Qxg4 Nxg4 16. h3 Nf6 17. Rf1 a5 18. Bb2 axb4 19. axb4 Rb6 20. Bb3 Rba6 21. Rac1
R8a7 22. f4 exf4 23. Rxf4 Nd8 24. Rf3 Nd7 25. d4 Nb6 26. Rcf1 c6 27. d5 cxd5 28.
exd5 Nc4 29. Bxc4 bxc4 30. Bc1 f6 31. Be3 Re7 32. Bd4 Nf7 33. b5 Ra2 34. b6 Rb2
35. Ra1 Kf8 36. Ra8+ Re8 37. Ra4 Rc8 38. Rb4 Rxb4 39. cxb4 Ne5 40. Ra3 Rb8 41.
Ra7 g6 42. b7 Ke7 43. Kf1 Nd3 44. b5 Nc5 45. Ke2 1-0

[Event "AUTO-OPEN-809"]
[Site "http://www.queenalice.com/game.php?id=339292"]
[Date "2008.1.19"]
[Round "2"]
[White "Santista37"]
[Black "vindaloo"]
[Result "0-1"]
[WhiteElo "1709"]
[BlackElo "1841"]

1. d4 g6 2. Nc3 Bg7 3. Bf4 d6 4. e3 Nf6 5. Be2 O-O 6. Nf3 Nc6 7. d5 Nb8 8. e4 c6
9. e5 dxe5 10. Bxe5 Nxd5 11. Nxd5 cxd5 12. Bxg7 Kxg7 13. Qd4+ Kg8 14. O-O-O e6
15. Qh4 f6 16. Bd3 Qe7 17. g4 Nc6 18. g5 f5 19. Rhe1 e5 20. Bb5 e4 21. Bxc6 bxc6
22. Nd4 Qb7 23. Re3 a5 24. Rb3 Qd7 25. Rb6 Ra6 26. Rb8 Qc7 27. Rb3 a4 28. Qg3
Qxg3 29. Rxg3 Bd7 30. Rc3 Rb8 31. Ra3 f4 32. Nb3 Bg4 33. Rd4 Bf3 34. Rdxa4 Rxa4
35. Rxa4 e3 36. fxe3 fxe3 37. Nd4 Bh5 38. c3 e2 39. Kd2 Re8 40. Nc2 e1=Q+ 41.
Nxe1 Re2+ 42. Kd3 Rxe1 43. h4 Re7 44. Rf4 Be2+ 45. Kd4 Ra7 0-1

[Event "AUTO-INT-609"]
[Site "http://www.queenalice.com/game.php?id=351472"]
[Date "2008.2.9"]
[Round "2"]
[White "marcosbratz"]
[Black "Santista37"]
[Result "1-0"]
[WhiteElo "1778"]
[BlackElo "1781"]

1. e4 e5 2. Nf3 d6 3. d4 exd4 4. Nxd4 Bd7 5. Bd3 Nc6 6. Nxc6 Bxc6 7. O-O Qd7 8.
Nc3 Be7 9. Re1 O-O-O 10. Bf4 Bf6 11. h3 Ne7 12. e5 dxe5 13. Bxe5 Bxe5 14. Rxe5
f6 15. Re2 1-0

[Event "AUTO-INT-609"]
[Site "http://www.queenalice.com/game.php?id=351473"]
[Date "2008.2.9"]
[Round "2"]
[White "Santista37"]
[Black "marcosbratz"]
[Result "0-1"]
[WhiteElo "1798"]
[BlackElo "1761"]

1. d4 d5 2. Nc3 Nf6 3. Bf4 e6 4. a3 Be7 5. Nf3 O-O 6. e3 c6 7. Bxb8 Rxb8 8. Be2
Re8 9. O-O b5 10. b4 Bd6 11. Ne5 Bb7 12. Ng4 Nxg4 13. Bxg4 f5 14. Bh3 Qc7 15. g3
Rf8 0-1

[Event "AUTO-INT-609"]
[Site "http://www.queenalice.com/game.php?id=351476"]
[Date "2008.2.9"]
[Round "2"]
[White "El_Montes"]
[Black "Santista37"]
[Result "1-0"]
[WhiteElo "1694"]
[BlackElo "1743"]

1. e4 e5 2. Qh5 Qe7 3. Nf3 d6 4. d4 exd4 5. Qb5+ Nc6 6. Nxd4 Qxe4+ 7. Be3 a6 8.
Nc3 axb5 9. Nxe4 Nxd4 10. Bxd4 Bf5 11. Nc3 c6 12. Bd3 Bxd3 13. cxd3 Nh6 14. O-O
O-O-O 15. a4 b4 16. Ne4 c5 17. Be3 Nf5 18. Bf4 g6 19. Bg5 Be7 20. d4 b6 21. dxc5
dxc5 22. a5 Bxg5 23. Nxg5 1-0

[Event "AUTO-INT-609"]
[Site "http://www.queenalice.com/game.php?id=351477"]
[Date "2008.2.9"]
[Round "2"]
[White "Santista37"]
[Black "El_Montes"]
[Result "0-1"]
[WhiteElo "1763"]
[BlackElo "1674"]

1. d4 Nf6 2. Nc3 d5 3. Bf4 Ne4 4. Qd3 a6 5. Nxe4 dxe4 6. Qxe4 Nd7 7. e3 Nf6 8.
Qd3 Nd5 9. Bg3 e6 10. O-O-O Bd7 11. Qb3 a5 12. Qxb7 Rb8 13. Qa6 Bd6 14. Bxd6
cxd6 15. Qxd6 Rb6 16. Qg3 O-O 17. Bd3 g6 18. Nf3 Nb4 19. Kb1 Bb5 20. Bxb5 Rxb5
21. Qh4 Qc8 22. Rd2 Rd8 0-1